Solution of problems in electronics and telecommunication (Record no. 182531)
[ view plain ]
| 000 -LEADER | |
|---|---|
| fixed length control field | 01212 a2200181 4500 |
| 003 - CONTROL NUMBER IDENTIFIER | |
| control field | Nust |
| 005 - DATE AND TIME OF LATEST TRANSACTION | |
| control field | 20170207153244.0 |
| 040 ## - CATALOGING SOURCE | |
| Transcribing agency | Nust |
| 082 ## - DEWEY DECIMAL CLASSIFICATION NUMBER | |
| Classification number | 621.382 |
| 100 ## - MAIN ENTRY--PERSONAL NAME | |
| Personal name | C. S. Henson |
| 245 ## - TITLE STATEMENT | |
| Title | Solution of problems in electronics and telecommunication |
| Statement of responsibility, etc. | C. S. Henson |
| 250 ## - EDITION STATEMENT | |
| Edition statement | 3rd ed. |
| 260 ## - PUBLICATION, DISTRIBUTION, ETC. | |
| Place of publication, distribution, etc. | New York |
| Name of publisher, distributor, etc. | Pitman |
| Date of publication, distribution, etc. | 1968 |
| 300 ## - PHYSICAL DESCRIPTION | |
| Extent | 406p |
| 505 ## - FORMATTED CONTENTS NOTE | |
| Formatted contents note | General Circuit Theory (Page-1) Theory of Coupled Circuits (Page-29) Valve Amplifiers (Page-50) Valve Amplifiers (Page-87) Valve Amplifier (Page-106) Valve Amplifier Negative Feedback Amplifiers and Cathode (Page-124) Valve Oscillators (Page-150) Modulation (Page-172) Detectors and Frequency Changers (Page-191) Line Transmission (Page-205) Filters and Attenuators (Page-223) Loaded Lines (Page-245) High Frequency Feeders and Waveguides (Page-253)Aerials and Radiation (Page-283) Acoustics (Page-309)Motion of Electrons in Electric and Magnetic Fields (Page-318) Rectifiers and Voltage Stabilizers (Page-333) Operational Amplifiers and waveform Generators (Page-348) Servomechanisms (Page-368) Transistors (Page-381) Miscellaneous Problems (Page-399). |
| 538 ## - SYSTEM DETAILS NOTE | |
| System details note | Almirah No.36 Shelf No.5 |
| 650 ## - SUBJECT ADDED ENTRY--TOPICAL TERM | |
| Topical term or geographic name entry element | Telecommunications engineering. |
| 942 ## - ADDED ENTRY ELEMENTS (KOHA) | |
| Source of classification or shelving scheme | |
| Koha item type | Book |
| Withdrawn status | Lost status | Source of classification or shelving scheme | Damaged status | Not for loan | Collection code | Permanent Location | Current Location | Date acquired | Total Checkouts | Full call number | Barcode | Date last seen | Price effective from | Koha item type |
|---|---|---|---|---|---|---|---|---|---|---|---|---|---|---|
| Military College of Signals (MCS) | Military College of Signals (MCS) | 12/12/2016 | 621.382 HEN | MCS5821 | 12/08/2016 | 12/12/2016 | Book |
